Statistics for Psalm 23

Click here to take the quiz!

General Stats

  • This quiz has been taken 98 times
  • The average score is 92 of 117

Answer Stats

Answer% Correct
I
100%
My
100%
my
100%
Lord
98%
The
98%
the
98%
is
95%
no
93%
shall
93%
a
91%
in
91%
not
91%
of
91%
shepherd;
91%
He
89%
want.
89%
me;
86%
me
86%
me.
86%
death,
84%
fear
84%
though
84%
walk
84%
and
82%
And
82%
For
82%
green
82%
shadow
82%
valley
82%
to
80%
will
80%
comfort
77%
pastures;
77%
through
77%
waters.
77%
evil;
75%
with
75%
His
73%
leads
73%
staff,
73%
down
70%
rod
70%
enemies;
68%
lie
68%
life;
68%
paths
68%
soul;
68%
house
66%
makes
66%
name's
66%
sake.
66%
still
66%
they
66%
All
64%
are
64%
cup
61%
days
61%
Forever.
61%
over.
61%
table
61%
You
61%
dwell
59%
follow
59%
goodness
59%
head
59%
restores
59%
Your
59%
mercy
57%
presence
57%
righteousness
57%
oil;
55%
prepare
55%
Surely
55%
Yea,
55%
anoint
52%
beside
52%
before
48%
runs
45%

Score Distribution

Percentile by Number Answered

Percent of People with Each Score

Your Score History

You have not taken this quiz